<?xml version="1.0" encoding="UTF-8"?>
<collection xmlns="http://www.loc.gov/MARC21/slim">
    <record>
        <controlfield tag="001">48605</controlfield>
        <controlfield tag="005">20200221144311.0</controlfield>
        <datafield tag="024" ind1="7" ind2=" ">
            <subfield code="2">doi</subfield>
            <subfield code="a">10.1016/j.aprim.2015.01.016</subfield>
        </datafield>
        <datafield tag="024" ind1="8" ind2=" ">
            <subfield code="2">sideral</subfield>
            <subfield code="a">94409</subfield>
        </datafield>
        <datafield tag="037" ind1=" " ind2=" ">
            <subfield code="a">ART-2016-94409</subfield>
        </datafield>
        <datafield tag="041" ind1=" " ind2=" ">
            <subfield code="a">spa</subfield>
        </datafield>
        <datafield tag="100" ind1=" " ind2=" ">
            <subfield code="0">(orcid)0000-0001-7293-701X</subfield>
            <subfield code="a">Aguilar-Palacio I</subfield>
            <subfield code="u">Universidad de Zaragoza</subfield>
        </datafield>
        <datafield tag="245" ind1=" " ind2=" ">
            <subfield code="a">Utilización de servicios sanitarios en ancianos (España 2006-2012): influencia del nivel de salud y de la clase social</subfield>
        </datafield>
        <datafield tag="260" ind1=" " ind2=" ">
            <subfield code="c">2016</subfield>
        </datafield>
        <datafield tag="506" ind1="0" ind2=" ">
            <subfield code="a">Access copy available to the general public</subfield>
            <subfield code="f">Unrestricted</subfield>
        </datafield>
        <datafield tag="520" ind1="3" ind2=" ">
            <subfield code="a">Objetivo Conocer la utilización de servicios sanitarios de Atención Primaria (AP), Atención Especializada (AE), hospitalizaciones, Hospital de Día y Urgencias, y la hiperfrecuentación en ancianos en España, analizando la influencia del estado de salud, sexo, clase social y evolución temporal.
Diseño Estudio transversal en 2 fases.
Emplazamiento España.
Participantes Personas encuestadas en la Encuesta Nacional de Salud 2006 y 2011-12.
Mediciones principales Como variables de salud se utilizaron la salud percibida y diagnosticada (número y tipo de diagnósticos). La clase social se obtuvo a partir de la última ocupación del sustentador principal (clases manuales y no manuales). Se realizaron análisis de regresión logística, ajustando por sexo, edad, nivel de salud, clase social y año, calculando su capacidad predictiva.
ResultadosEl porcentaje de población mayor que utiliza consultas médicas descendió en el periodo estudiado. Las mujeres trabajadoras manuales presentaron la mayor prevalencia de mala salud (mala salud percibida en el 2006: 70,6%). La mala salud se asoció a mayor utilización de servicios sanitarios. La salud percibida fue mejor predictor de utilización de servicios y de hiperfrecuentación que la diagnosticada, con la mayor capacidad predictiva para AE (C = 0,676). Los ancianos de clases sociales bajas utilizaron con más frecuencia AP y Urgencias, mientras que la utilización de AE y Hospital de Día fue mayor en clases altas.
Conclusiones Existen diferencias en salud y utilización de servicios sanitarios en mayores según clase social. Resulta necesario prestar atención a la salud percibida como predictor de la utilización de servicios sanitarios y revisar la accesibilidad-equidad de nuestros servicios.</subfield>
        </datafield>
        <datafield tag="540" ind1=" " ind2=" ">
            <subfield code="9">info:eu-repo/semantics/openAccess</subfield>
            <subfield code="a">by-nc-nd</subfield>
            <subfield code="u">http://creativecommons.org/licenses/by-nc-nd/3.0/es/</subfield>
        </datafield>
        <datafield tag="590" ind1=" " ind2=" ">
            <subfield code="a">1.042</subfield>
            <subfield code="b">2016</subfield>
        </datafield>
        <datafield tag="591" ind1=" " ind2=" ">
            <subfield code="a">MEDICINE, GENERAL &amp; INTERNAL</subfield>
            <subfield code="b">97 / 154 = 0.63</subfield>
            <subfield code="c">2016</subfield>
            <subfield code="d">Q3</subfield>
            <subfield code="e">T2</subfield>
        </datafield>
        <datafield tag="591" ind1=" " ind2=" ">
            <subfield code="a">PSYCHOLOGY</subfield>
            <subfield code="b">18 / 20 = 0.9</subfield>
            <subfield code="c">2016</subfield>
            <subfield code="d">Q4</subfield>
            <subfield code="e">T3</subfield>
        </datafield>
        <datafield tag="591" ind1=" " ind2=" ">
            <subfield code="a">PSYCHIATRY</subfield>
            <subfield code="b">18 / 20 = 0.9</subfield>
            <subfield code="c">2016</subfield>
            <subfield code="d">Q4</subfield>
            <subfield code="e">T3</subfield>
        </datafield>
        <datafield tag="592" ind1=" " ind2=" ">
            <subfield code="a">0.356</subfield>
            <subfield code="b">2016</subfield>
        </datafield>
        <datafield tag="593" ind1=" " ind2=" ">
            <subfield code="a">Family Practice</subfield>
            <subfield code="c">2016</subfield>
            <subfield code="d">Q2</subfield>
        </datafield>
        <datafield tag="593" ind1=" " ind2=" ">
            <subfield code="a">Medicine (miscellaneous)</subfield>
            <subfield code="c">2016</subfield>
            <subfield code="d">Q3</subfield>
        </datafield>
        <datafield tag="655" ind1=" " ind2="4">
            <subfield code="a">info:eu-repo/semantics/article</subfield>
            <subfield code="v">info:eu-repo/semantics/publishedVersion</subfield>
        </datafield>
        <datafield tag="700" ind1=" " ind2=" ">
            <subfield code="a">Carrera-Lasfuentes P,</subfield>
        </datafield>
        <datafield tag="700" ind1=" " ind2=" ">
            <subfield code="a">Solsona S</subfield>
        </datafield>
        <datafield tag="700" ind1=" " ind2=" ">
            <subfield code="a">Sartolo MT,</subfield>
        </datafield>
        <datafield tag="700" ind1=" " ind2=" ">
            <subfield code="0">(orcid)0000-0002-6671-5661</subfield>
            <subfield code="a">Rabanaque MJ.</subfield>
            <subfield code="u">Universidad de Zaragoza</subfield>
        </datafield>
        <datafield tag="710" ind1="2" ind2=" ">
            <subfield code="1">1008</subfield>
            <subfield code="2">615</subfield>
            <subfield code="a">Universidad de Zaragoza</subfield>
            <subfield code="b">Dpto. Microb.Med.Pr.,Sal.Públ.</subfield>
            <subfield code="c">Área Medic.Prevent.Salud Públ.</subfield>
        </datafield>
        <datafield tag="773" ind1=" " ind2=" ">
            <subfield code="g">48, 4 (2016), 235-43</subfield>
            <subfield code="p">Aten. prim.</subfield>
            <subfield code="t">Atencion Primaria</subfield>
            <subfield code="x">0212-6567</subfield>
        </datafield>
        <datafield tag="856" ind1="4" ind2=" ">
            <subfield code="s">568663</subfield>
            <subfield code="u">http://zaguan.unizar.es/record/48605/files/texto_completo.pdf</subfield>
            <subfield code="y">Versión publicada</subfield>
        </datafield>
        <datafield tag="856" ind1="4" ind2=" ">
            <subfield code="s">78205</subfield>
            <subfield code="u">http://zaguan.unizar.es/record/48605/files/texto_completo.jpg?subformat=icon</subfield>
            <subfield code="x">icon</subfield>
            <subfield code="y">Versión publicada</subfield>
        </datafield>
        <datafield tag="909" ind1="C" ind2="O">
            <subfield code="o">oai:zaguan.unizar.es:48605</subfield>
            <subfield code="p">articulos</subfield>
            <subfield code="p">driver</subfield>
        </datafield>
        <datafield tag="951" ind1=" " ind2=" ">
            <subfield code="a">2020-02-21-13:37:29</subfield>
        </datafield>
        <datafield tag="980" ind1=" " ind2=" ">
            <subfield code="a">ARTICLE</subfield>
        </datafield>
    </record>

    
</collection>